| 000 | 00472nam a22001697a 4500 | ||
|---|---|---|---|
| 005 | 20240823061847.0 | ||
| 008 | 240823b |||||||| |||| 00| 0 eng d | ||
| 020 | _a9991679103 | ||
| 041 | _aEnglish | ||
| 082 | _a349 NAM | ||
| 100 | _lEnglish | ||
| 245 | _aThe Namibian Labour Law Publication | ||
| 260 |
_aWindhoek: _bE.R.C (Pty) Ltd, _c2002 |
||
| 300 |
_bxi, 414 pages; _c25 cm. |
||
| 650 |
_aLegal practice _bLaw |
||
| 942 |
_cBK _6ALISON_BN_VRIES |
||
| 999 |
_c2817 _d2817 |
||